Zníženie hodnoty majetku neurčeného na zabezpečenie príjmov v kontexte Medzinárodných účtovných štandardov pre verejný sektor
Základné problémy stanovenia postupov, ktoré subjekt verejného sektora použije pri určení, či došlo k zníženiu hodnoty majetku neurčeného na zabezpečenie príjmov a pri vykázaní strát zníženia hodnoty sú riešené v štandarde IPSAS 21. Identifikácia majetku, ktorý môže mať zníženú hodnotu. Východiská p...
Saved in:
| Main Author: | |
|---|---|
| Other Authors: | |
| Format: | Book Chapter |
| Language: | Slovak |
| Subjects: | |
| Tags: |
No Tags, Be the first to tag this record!
|
MARC
| LEADER | 00000nla$a2200000$$$4500 | ||
|---|---|---|---|
| 001 | 0060586 | ||
| 005 | 20240502071654.4 | ||
| 041 | 0 | |a slo | |
| 044 | |a SK | ||
| 245 | 1 | 0 | |a Zníženie hodnoty majetku neurčeného na zabezpečenie príjmov v kontexte Medzinárodných účtovných štandardov pre verejný sektor |c Antónia Kovalčíková, Marianna Kicová |
| 520 | |a Základné problémy stanovenia postupov, ktoré subjekt verejného sektora použije pri určení, či došlo k zníženiu hodnoty majetku neurčeného na zabezpečenie príjmov a pri vykázaní strát zníženia hodnoty sú riešené v štandarde IPSAS 21. Identifikácia majetku, ktorý môže mať zníženú hodnotu. Východiská pre vyčíslenie spätne získateľnej využiteľnej hodnoty. Vykazovanie a oceňovanie straty zo zníženia hodnoty. Zrušenie straty zo zníženia hodnoty majetku neurčeného na zabezpečenie príjmov. Zverejňovanie informácií súvisiacich so znížením hodnoty majetku. | ||
| 610 | 2 | 0 | |a účtovníctvo |
| 610 | 2 | 0 | |a štandardy účtovné medzinárodné |
| 610 | 2 | 0 | |a majetok |
| 610 | 2 | 0 | |a hodnota |
| 610 | 2 | 0 | |a príjmy |
| 610 | 2 | 0 | |a náklady |
| 610 | 2 | 0 | |a predaj |
| 610 | 2 | 0 | |a strata |
| 610 | 2 | 0 | |a sektor verejný |
| 100 | 1 | |a Kovalčíková, Antónia | |
| 700 | 1 | |a Kicová, Marianna | |